| 000 | 00626nam a2200193 a 4500 | ||
|---|---|---|---|
| 005 | 20140310183555.0 | ||
| 008 | 111026s19uu xx 00 eng d | ||
| 020 | _a97816062359635 | ||
| 050 |
_aLC 4704.5 _b.G74 2009 |
||
| 100 | _aGregg, Noel | ||
| 245 |
_aAdolescents and adults with learning disabilities and ADHD : _bassessment and accomodation / _cNoel Gregg, foreword by Donald Deshler. |
||
| 260 |
_aNew York : _bGuilford Press, _c2009. |
||
| 300 |
_a316 p. : _c23 cm. |
||
| 521 | _aEDU | ||
| 650 |
_aLearning disabled _xEducation |
||
| 650 | _aAttenton Deficit disorder | ||
| 942 |
_cBK _2lcc _kFOR |
||
| 999 |
_c25009 _d25009 |
||